Statistics for Largest Cities in the World

Click here to take the quiz!

General Stats

  • This quiz has been taken 22 times
  • The average score is 63 of 81

Answer Stats

RankCityCountry% Correct
2DelhiIndia
100%
32LimaPeru
100%
37LondonUnited Kingdom
100%
24MoscowRussia
100%
28ParisFrance
100%
3ShanghaiChina
100%
1TokyoJapan
100%
63TorontoCanada
100%
33BangkokThailand
95%
8BeijingChina
95%
29BogotáColombia
95%
6CairoEgypt
95%
9DhakaBangladesh
95%
61HoustonUnited States
95%
15IstanbulTurkey
95%
23Los AngelesUnited States
95%
57MadridSpain
95%
17ManilaPhilippines
95%
5Mexico CityMexico
95%
7MumbaiIndia
95%
53RiyadhSaudi Arabia
95%
4São PauloBrazil
95%
34SeoulSouth Korea
95%
67SingaporeSingapore
95%
38TehranIran
95%
54BaghdadIraq
90%
72BarcelonaSpain
90%
13Buenos AiresArgentina
90%
39ChicagoUnited States
90%
30JakartaIndonesia
90%
12KarachiPakistan
90%
71KhartoumSudan
90%
16KolkataIndia
90%
18LagosNigeria
90%
11New York CityUnited States
90%
19Rio de JaneiroBrazil
90%
55SantiagoChile
90%
79AlexandriaEgypt
86%
31ChennaiIndia
86%
22GuangzhouChina
86%
21KinshasaDemocratic Republic of the Congo
86%
46Kuala LumpurMalaysia
86%
65MiamiUnited States
86%
68PhiladelphiaUnited States
86%
69AtlantaUnited States
81%
48Hong KongChina
81%
26LahorePakistan
81%
44LuandaAngola
81%
10OsakaJapan
81%
42WuhanChina
81%
27BangaloreIndia
76%
62DallasUnited States
76%
81GuadalajaraMexico
76%
43Ho Chi Minh CityVietnam
76%
47Xi'anChina
76%
36HyderabadIndia
71%
73JohannesburgSouth Africa
71%
78YangonMyanmar
71%
45AhmedabadIndia
67%
64Dar es SalaamTanzania
67%
35NagoyaJapan
67%
25ShenzhenChina
67%
20TianjinChina
67%
66Belo HorizonteBrazil
62%
14ChongqingChina
62%
41NanjingChina
57%
40ChengduChina
52%
50HangzhouChina
52%
74Saint PetersburgRussia
52%
77Washington, D.C.United States
52%
59PuneIndia
48%
75QingdaoChina
48%
76DalianChina
43%
60HarbinChina
43%
70FukuokaJapan
38%
52ShenyangChina
38%
80JinanChina
33%
49DongguanChina
24%
56SuratIndia
24%
51FoshanChina
19%
58SuzhouChina
14%

Score Distribution

Percentile by Number Answered

Percent of People with Each Score

Your Score History

You have not taken this quiz